FLUID DYNAMICS (Record no. 10011)

MARC details
000 -LEADER
fixed length control field 00293nam a22001457a 4500
003 - CONTROL NUMBER IDENTIFIER
control field SGT
082 ## - DEWEY DECIMAL CLASSIFICATION NUMBER
Classification number 530,GOY
100 ## - MAIN ENTRY--PERSONAL NAME
Personal name GOYAL,J.K
245 ## - TITLE STATEMENT
Title FLUID DYNAMICS
250 ## - EDITION STATEMENT
Edition statement 23RD
260 ## - PUBLICATION, DISTRIBUTION, ETC. (IMPRINT)
Place of publication, distribution, etc MEERUT
Name of publisher, distributor, etc PRAGATI PRAKASHAN
Year of Publication 2016
300 ## - PAGE DESCRIPTION
No. of Pages 587
650 ## - SUBJECT ADDED ENTRY--TOPICAL TERM
Topical term or geographic name as entry element PHYSICS
942 ## - ADDED ENTRY ELEMENTS (KOHA)
Source of classification or shelving scheme Dewey Decimal Classification
Koha item type FPS Books
942 ## - ADDED ENTRY ELEMENTS (KOHA)
-- 2
Holdings
Withdrawn status Lost status Source of classification or shelving scheme Damaged status Not for loan Collection code Home library Current library Shelving location Date acquired Vendor Name Cost, normal purchase price SGTU Bill Number Total Checkouts Total Renewals Full call number Accession No. (Barcode) Date last seen Date last borrowed Bill Date Koha item type
    Dewey Decimal Classification     SCIENCE SGT Science & Social Sciences Library SGT Science & Social Sciences Library Text Book 24/11/2016 PRAGATI PRAKASHAN 395.00 SGTU 7099 13 1 530,GOY PS2729 06/05/2019 23/04/2019 26/09/2016 FPS Books
    Dewey Decimal Classification     SCIENCE SGT Science & Social Sciences Library SGT Science & Social Sciences Library Text Book 24/11/2016 PRAGATI PRAKASHAN 395.00 SGTU 7099 15   530,GOY PS2730 08/01/2025 11/11/2024 26/09/2016 FPS Books
    Dewey Decimal Classification     SCIENCE SGT Science & Social Sciences Library SGT Science & Social Sciences Library Text Book 24/11/2016 PRAGATI PRAKASHAN 395.00 SGTU 7099 13   530,GOY PS2731 27/04/2019 12/04/2019 26/09/2016 FPS Books